| 000 | 00889nam a22002297a 4500 | ||
|---|---|---|---|
| 001 | 3531 | ||
| 003 | FISKH | ||
| 005 | 20240318082844.0 | ||
| 008 | 240318b cb ||||| |||| 00| 0 eng d | ||
| 040 |
_aFISK _beng _cFISK _dFISK |
||
| 050 | _aPZ7.H1256 | ||
| 082 | _a813.6 | ||
| 100 |
_aHahn Mary Downing _d1937- |
||
| 245 |
_aThe old willis place / _bA ghost story, _cMary Downing Hahn |
||
| 260 |
_aNew York : _bScholastic, _c2008 |
||
| 300 |
_a 199 pages : _c20 cm |
||
| 505 | _aM | ||
| 520 | _aTired of the rules that have bound them ever since "the bad thing happened," twelve-year-old Diana ignores her brother's warnings and befriends the daughter of the new caretaker, setting in motion events that lead to the release of the spirit of an evil, crazy woman who once ruled the old Willis place. | ||
| 700 | _aMary Downing Hahn | ||
| 942 |
_2ddc _cBK _n0 |
||
| 999 |
_c3531 _d3531 |
||